000 00550nam a22002055i 4500
001 48234
003 ES-MaACL
005 20251015063058.0
007 t|
008 950710s1881 fr ||||1| fre d
040 _aCAM
_bspa
_cCAM
100 1 _aCherbuliez, Victor,
_d1829-1899
_938355
245 1 0 _aNoirs et rouges /
_cpar Victor Cherbuliez.
250 _a5e ed.
260 _aParis :
_bHachette et Cie,
_c1881.
300 _a406 p. ;
_c19 cm.
852 _aES-MaACL
_jG-7423
852 _aES-MaACL
_jD-2097
999 _c48234
_d48234